000 01137cad a22002055a 4500
001 L157625
008 130205s2013 xxk f 000 0 eng d
035 _a(Sirsi) u157625
041 0 _aeng
110 2 _aRoyal Institution of Chartered Surveyors
_94900
245 0 0 _aRisk, liability and insurance in valuation work
_h[electronic resource]
260 _aCoventry
_bRICS
_c2013
520 _aProvides guidance for chartered surveyors carrying out valuations both residential and commercial for secured lending purposes. Highlights key risks and liabilities and the impact on Professional Indemnity Insurance (PII) claims and costs. Looks at liability caps and the RICS position on valuers liabilities to third parties.
520 _aSuperseded by 2nd edition (ISBN 9781783212194), ARCHIVED 01/02/2018.
651 4 _aInternational
690 _aValuation
_96273
690 _aInsurance
_96249
856 4 0 _uhttps://www.rics.org/Global/RICS%20Guidance%20-%20PII%20Risk,%20Liability%20and%20Insurance%20in%20Valuation%20Work,%20January%202013.pdf
_zView the item free of charge from (member-only content) at www.rics.org
942 _n0
999 _c114879
_d114879